| 000 | 00339nam a2200133Ia 4500 | ||
|---|---|---|---|
| 008 | 240624s9999 xx 000 0 und d | ||
| 041 | _aeng | ||
| 082 | _a658.314 BRA | ||
| 100 | _aBRANHAM LEIGH | ||
| 245 | _aRE ENGAGE HOW AMERICA S BEST PLACES TO W | ||
| 260 |
_c2010 _aNew Delhi _bTata McGraw-Hill |
||
| 300 | _a368 : p. | ||
| 365 |
_c _b27 |
||
| 999 |
_c24011 _d24011 |
||